Ultimate Dutch Quiz - Statistics

General Stats
  • This quiz has been taken 7 times
  • The average score is 102 of 200
Answer Stats
English Dutch % Correct
Numbers one één
83%
Numbers two twee
83%
Fruits and Vegetables potato aardappel
67%
Numbers eight acht
67%
Fruits and Vegetables apple appel
67%
Food/Drink beer bier
67%
Transportation/Travel boat boot
67%
Food/Drink bread brood
67%
Fruits and Vegetables lemon citroen
67%
Common Verbs to do doen
67%
Numbers three drie
67%
Nationalities German Duits
67%
Food/Drink egg ei
67%
Nationalities English Engels
67%
Adjectives good goed
67%
10 Basic phrases hello hallo
67%
Animals dog hond
67%
Subject Pronouns I ik
67%
10 Basic phrases yes ja
67%
Subject Pronouns you (informal) jij
67%
Food/Drink cheese kaas
67%
Animals cat kat
67%
Around a City church kerk
67%
Animals cow koe
67%
Food/Drink coffee koffie
67%
Days of the week monday maandag
67%
Food/Drink milk melk
67%
Body Parts mouth mond
67%
10 Basic phrases no nee
67%
Around a City park park
67%
Around a City street straat
67%
Food/Drink sugar suiker
67%
Fruits and Vegetables tomato tomaat
67%
Subject Pronouns you (formal) u
67%
Animals pig varken
67%
Numbers four vier
67%
Days of the week friday vrijdag
67%
Subject Pronouns we wij
67%
Days of the week saturday zaterdag
67%
Around a City hospital ziekenhuis
67%
Weather sun zon
67%
10 Basic phrases please alstublieft
50%
Months april april
50%
Body Parts arm arm
50%
Months august augustus
50%
Transportation/Travel car auto
50%
Household Items bathroom badkamer
50%
Household Items couch bank
50%
10 Basic phrases thank you bedankt
50%
Colors blue blauw
50%
Adjectives happy blij
50%
Food/Drink butter boter
50%
Family Members brother broer
50%
Colors brown bruin
50%
Nationalities Chinese Chinees
50%
Months december december
50%
Numbers thirty dertig
50%
Days of the week tuesday dinsdag
50%
Family Members daughter dochter
50%
Numbers one thousand duizend
50%
Months february februari
50%
Transportation/Travel bicycle fiets
50%
Nationalities French Frans
50%
Common Verbs to go gaan
50%
Colors yellow geel
50%
10 Basic phrases good evening goedenavond
50%
10 Basic phrases you're welcome graag gedaan
50%
Colors grey grijs
50%
Colors green groen
50%
Adjectives big groot
50%
Body Parts hair haar
50%
Body Parts hand hand
50%
Body Parts heart hart
50%
Common Verbs to have hebben
50%
Seasons fall herfst
50%
Subject Pronouns he hij
50%
Question Words how hoe
50%
10 Basic phrases how are you? hoe gaat het?
50%
Question Words how many hoeveel
50%
Numbers one hundred honderd
50%
Nationalities Italian Italiaans
50%
Months january januari
50%
Nationalities Japanese Japans
50%
Family Members boy jongen
50%
Months july juli
50%
Subject Pronouns you (plural/informal) jullie
50%
Months june juni
50%
Food/Drink chicken kip
50%
Adjectives small klein
50%
Common Verbs to come komen
50%
Weather cold koud
50%
Common Verbs can/to be able to kunnen
50%
Seasons spring lente
50%
Months march maart
50%
Adjectives easy makkelijk
50%
Months may mei
50%
Family Members girl meisje
50%
Nationalities Mexican Mexicaans
50%
Adjectives tired moe
50%
Family Members mother moeder
50%
Adjectives difficult moeilijk
50%
Animals mouse muis
50%
Numbers nine negen
50%
Numbers ninety negentig
50%
Common Verbs to take nemen
50%
Body Parts nose neus
50%
Adjectives new nieuw
50%
Months november november
50%
Months october oktober
50%
Family Members grandmother oma
50%
Body Parts eye oog
50%
Body Parts ear oor
50%
Family Members grandfather opa
50%
Colors orange oranje
50%
Adjectives old oud
50%
Animals horse paard
50%
Household Items window raam
50%
Weather rain regen
50%
Transportation/Travel trip/travel reis
50%
Colors red rood
50%
Colors pink roze
50%
Nationalities Russian Russisch
50%
Months september september
50%
Adjectives bad slecht
50%
Adjectives smart slim
50%
Weather snow sneeuw
50%
Nationalities Spanish Spaans
50%
Common Verbs to speak spreken
50%
Household Items chair stoel
50%
Food/Drink cake taart
50%
Numbers eighty tachtig
50%
Family Members aunt tante
50%
Numbers ten tien
50%
10 Basic phrases goodbye tot ziens
50%
Numbers twenty twintig
50%
Family Members father vader
50%
Numbers fourty veertig
50%
Numbers five vijf
50%
Numbers fifty vijftig
50%
Food/Drink fish vis
50%
Transportation/Travel plane vliegtuig
50%
Body Parts foot voet
50%
Animals bird vogel
50%
Question Words where waar
50%
Question Words why waarom
50%
Question Words when wanneer
50%
Question Words what wat
50%
Question Words which welk
50%
Common Verbs to know weten
50%
Question Words who wie
50%
Food/Drink wine wijn
50%
Common Verbs to want willen
50%
Around a City store/shop winkel
50%
Seasons winter winter
50%
Colors white wit
50%
Weather cloud wolk
50%
Subject Pronouns they ze
50%
Common Verbs to say zeggen
50%
Numbers six zes
50%
Numbers sixty zestig
50%
Numbers seven zeven
50%
Numbers seventy zeventig
50%
Common Verbs to see zien
50%
Subject Pronouns she zij
50%
Common Verbs to be zijn
50%
Seasons summer zomer
50%
Days of the week sunday zondag
50%
Family Members son zoon
50%
Family Members sister zus
50%
Colors black zwart
50%
Fruits and Vegetables strawberry aardbei
33%
Body Parts leg been
33%
Around a City bridge brug
33%
Around a City neighborhood buurt
33%
Days of the week thursday donderdag
33%
Adjectives expensive duur
33%
Weather hot heet
33%
Nationalities Indian Indiaas
33%
Transportation/Travel ticket kaartje
33%
Household Items cupboard kast
33%
Household Items kitchen keuken
33%
Transportation/Travel suitcase koffer
33%
Animals rabbit konijn
33%
Transportation/Travel airport luchthaven
33%
Family Members uncle oom
33%
Colors purple paars
33%
10 Basic phrases excuse me pardon
33%
Fruits and Vegetables pear peer
33%
Fruits and Vegetables peach perzik
33%
Around a City square/plaza plein
33%
Household Items pencil potlood
33%
Household Items bedroom slaapkamer
33%
Household Items mirror spiegel
33%
Household Items carpet tapijt
33%
Adjectives sad verdrietig
33%
Around a City shopping mall winkelcentrum
33%
Days of the week wednesday woensdag
33%
Fruits and Vegetables carrot wortel
33%
Transportation/Travel passport paspoort
17%
Around a City city hall stadhuis
17%
No matching quizzes found
Score Distribution
Percent of People with Each Score
Percentile by Number Answered
Your Score History
You have not taken this quiz